| 000 | 00416nam a2200157Ia 4500 | ||
|---|---|---|---|
| 008 | 220606s9999 xx 000 0 und d | ||
| 020 | _a9789354655098 | ||
| 041 | _aeng | ||
| 082 | _a618.73 | ||
| 100 |
_aSHIV SHANKAR TYAGI _9128949 |
||
| 245 | _aAPPLIED SOCIOLOGY AND PSYCHOLOGY FOR NURSES | ||
| 250 | _aFIRST | ||
| 260 |
_aNAGPUR _b"JAYPEE PUBLICATION,NAGPUR" _c2022 |
||
| 300 | _a392 | ||
| 650 |
_aSOCIOLOGY _9128950 |
||
| 999 |
_c3019 _d3019 |
||